[Event "Athens Smaok U1900 op 35th"]
[Site "Athens"]
[Date "2016.04.22"]
[Round "7.2"]
[White "Theodoulidis, Vasilios"]
[Black "Marianidis, Dimitrios"]
[Result "1-0"]
[WhiteElo "1643"]
[BlackElo "1809"]
[PlyCount "53"]
[EventDate "2016.03.04"]
[EventType "swiss"]
[EventRounds "7"]
[EventCountry "GRE"]
[SourceTitle "EXT 2024"]
[Source "ChessBase"]
[SourceDate "2023.10.10"]
[SourceVersion "1"]
[SourceVersionDate "2023.10.10"]
[SourceQuality "1"]

1. d4 g6 2. Nf3 Bg7 3. c4 d6 4. Nc3 Nf6 5. e4 0-0 6. Be2 Nc6 7. 0-0 e5 8. dxe5 dxe5 9. Qxd8 Rxd8 10. Bg5 Nd4 11. Nxd4 Rxd4 12. Be3 Rd8 13. Nb5 Ne8 14. Nxa7 Be6 15. Rad1 Nd6 16. c5 Nxe4 17. Nb5 Bxa2 18. Nxc7 Rac8 19. Rxd8+ Rxd8 20. Ra1 Bb3 21. Ra7 Bd1 22. Bf3 Bc2 23. Rxb7 Bf8 24. b4 Nc3 25. Bg5 Rd4 26. Rb8 e4 27. Bh6 1-0

[Event "Athens Smaok U1900 op 35th"]
[Site "Athens"]
[Date "2016.04.08"]
[Round "5.2"]
[White "Marianidis, Dimitrios"]
[Black "Anairousis, Panagiotis"]
[Result "0-1"]
[WhiteElo "1809"]
[BlackElo "1937"]
[PlyCount "94"]
[EventDate "2016.03.04"]
[EventType "swiss"]
[EventRounds "7"]
[EventCountry "GRE"]
[SourceTitle "EXT 2024"]
[Source "ChessBase"]
[SourceDate "2023.10.10"]
[SourceVersion "1"]
[SourceVersionDate "2023.10.10"]
[SourceQuality "1"]

1. e4 c6 2. c4 d6 3. d4 g6 4. Nc3 Bg7 5. Be3 Nd7 6. Bd3 e5 7. Nge2 Nh6 8. f3 f6 9. d5 Nf7 10. Qd2 Nb6 11. b4 0-0 12. c5 dxc5 13. bxc5 cxd5 14. cxb6 d4 15. Nd5 dxe3 16. Qxe3 axb6 17. Qxb6 Nd6 18. Kf2 Be6 19. Qxd8 Raxd8 20. Nec3 f5 21. Nc7 Bc8 22. Rhd1 Kh8 23. Rab1 fxe4 24. Nxe4 Nf5 25. Ng5 Nd4 26. Be4 h6 27. Nh3 g5 28. Ke3 g4 29. Nf2 h5 30. Nd3 Rf7 31. Nb5 gxf3 32. gxf3 Be6 33. Nxd4 exd4+ 34. Kf2 Bd5 35. Bxd5 Rxd5 36. Rb3 Bh6 37. Nb4 Be3+ 38. Ke2 Rg5 39. Rxe3 dxe3 40. Kxe3 Rg2 41. a3 Rxh2 42. Nd5 Ra2 43. Rd3 Rd7 44. Kf4 Rg2 45. Kf5 Re2 46. f4 Re8 47. Kg5 Red8 0-1

[Event "Ambelokipi op 143rd"]
[Site "Athens"]
[Date "2014.04.12"]
[Round "6"]
[White "Marianidis, Dimitrios"]
[Black "Ilandzis, Spyridon"]
[Result "0-1"]
[WhiteElo "1881"]
[BlackElo "2150"]
[PlyCount "58"]
[EventDate "2014.03.08"]
[EventType "swiss"]
[EventRounds "7"]
[EventCountry "GRE"]
[SourceTitle "EXT 2016"]
[Source "ChessBase"]
[SourceDate "2015.10.08"]
[SourceVersion "1"]
[SourceVersionDate "2015.10.08"]
[SourceQuality "1"]

1. e4 e5 2. f4 d5 3. exd5 c6 4. Qe2 cxd5 5. Qxe5+ Be7 6. b3 Be6 7. Bb5+ Nc6 8. Nc3 Bh4+ 9. g3 Bf6 10. Qe2 Nh6 11. Ba3 Qa5 12. Bxc6+ bxc6 13. Bb2 0-0 14. h3 Bxh3 15. Qf2 Rfe8+ 16. Nge2 Bg4 17. 0-0-0 Bxc3 18. Nxc3 Bxd1 19. Rxh6 gxh6 20. Nxd1 Qb4 21. Qh2 Qe4 22. Qxh6 Qg6 23. Qh4 Re1 24. g4 Rg1 25. g5 Qe4 26. Qh6 Rxd1+ 27. Kxd1 d4 28. Qh2 Re8 29. Qg1 Qe2+ 0-1

[Event "Athens op 09"]
[Site "Athens"]
[Date "2011.09.24"]
[Round "4"]
[White "Marianidis, Dimitrios"]
[Black "Sienczewski, Zbigniew"]
[Result "0-1"]
[WhiteElo "1861"]
[BlackElo "2084"]
[PlyCount "68"]
[EventDate "2011.09.10"]
[EventType "swiss"]
[EventRounds "7"]
[EventCountry "GRE"]
[SourceTitle "CBM 144 Extra"]
[Source "ChessBase"]
[SourceDate "2011.10.28"]
[SourceVersion "1"]
[SourceVersionDate "2011.10.28"]
[SourceQuality "1"]

1. e4 d6 2. f4 g6 3. Nf3 Bg7 4. d4 Nf6 5. Bd3 0-0 6. Qe2 Nc6 7. c3 e5 8. d5 Ne7 9. fxe5 dxe5 10. 0-0 Ne8 11. Na3 Nd6 12. c4 c5 13. Bg5 b6 14. Rad1 Bg4 15. h3 Bxf3 16. Rxf3 f6 17. Bc1 f5 18. exf5 gxf5 19. Rg3 Ng6 20. Bg5 Qe8 21. Nb5 Qd7 22. Nxd6 Qxd6 23. Bb1 e4 24. Rb3 Rae8 25. Rf1 f4 26. Qh5 Qe5 27. Qg4 Qd4+ 28. Kh1 Ne5 29. Qe2 Qxc4 30. Qd1 f3 31. g3 Qe2 32. Rg1 Qxd1 33. Rxd1 Nc4 34. Be3 Bd4 0-1

[Event "Nikaia op 19th"]
[Site "Nikaia"]
[Date "2011.08.28"]
[Round "4"]
[White "Kondopoulos, Dimitrios"]
[Black "Marianidis, Dimitrios"]
[Result "0-1"]
[WhiteElo "2045"]
[BlackElo "1943"]
[PlyCount "54"]
[EventDate "2011.08.26"]
[EventType "swiss"]
[EventRounds "9"]
[EventCountry "GRE"]
[SourceTitle "CBM 144 Extra"]
[Source "ChessBase"]
[SourceDate "2011.10.28"]
[SourceVersion "1"]
[SourceVersionDate "2011.10.28"]
[SourceQuality "1"]

1. e4 c5 2. Nf3 d6 3. d4 cxd4 4. Nxd4 Nf6 5. Nc3 g6 6. Be2 Bg7 7. Be3 0-0 8. h4 h5 9. Qd2 Nc6 10. 0-0-0 Ne5 11. f3 Bd7 12. g4 Kh7 13. gxh5 Nxh5 14. f4 Ng4 15. Bxg4 Bxg4 16. Rdg1 Qd7 17. f5 Nf6 18. Qd3 Bh5 19. Nd5 Ng4 20. Nf4 Nxe3 21. fxg6+ fxg6 22. Nxh5 Bh6 23. Rg5 Ng4 24. Qh3 gxh5 25. Kb1 Bxg5 26. hxg5 Qe8 27. Qxg4 Rf1+ 0-1

[Event "Ambelokipi op 113th"]
[Site "Athens"]
[Date "2011.05.14"]
[Round "3"]
[White "Marianidis, Dimitrios"]
[Black "Mitrandzas, Athanasios"]
[Result "1/2-1/2"]
[WhiteElo "1814"]
[BlackElo "2116"]
[PlyCount "65"]
[EventDate "2011.05.07"]
[EventType "swiss"]
[EventRounds "7"]
[EventCountry "GRE"]
[SourceTitle "EXT 2024"]
[Source "ChessBase"]
[SourceDate "2023.10.10"]
[SourceVersion "1"]
[SourceVersionDate "2023.10.10"]
[SourceQuality "1"]

1. e4 c5 2. Nc3 d6 3. g3 g6 4. Bg2 Bg7 5. d3 Nc6 6. Be3 Rb8 7. f4 Nd4 8. Nf3 b5 9. Rb1 Qa5 10. 0-0 Bg4 11. h3 Nxf3+ 12. Bxf3 Bxh3 13. Re1 b4 14. Ne2 Nf6 15. e5 dxe5 16. fxe5 Nd7 17. Nf4 Bf5 18. Bc6 Qc7 19. Qf3 0-0 20. Bxd7 Bxd7 21. Nd5 Qa5 22. Nxe7+ Kh8 23. Qd5 Be6 24. Qxc5 Rb5 25. Qxa7 Rxe5 26. Qxa5 Rxa5 27. Nc6 Rxa2 28. Bd4 b3 29. Bxg7+ Kxg7 30. c3 Bf5 31. Nb4 Ra7 32. Ra1 Rfa8 33. Rxa7 1/2-1/2

[Event "Ambelokipi op 104th"]
[Site "Athens"]
[Date "2010.04.28"]
[Round "6"]
[White "Diatsintos, Ilias"]
[Black "Marianidis, Dimitrios"]
[Result "0-1"]
[WhiteElo "1656"]
[BlackElo "1844"]
[PlyCount "90"]
[EventDate "2010.04.10"]
[EventType "swiss"]
[EventRounds "7"]
[EventCountry "GRE"]
[SourceTitle "EXT 2024"]
[Source "ChessBase"]
[SourceDate "2023.10.10"]
[SourceVersion "1"]
[SourceVersionDate "2023.10.10"]
[SourceQuality "1"]

1. d4 f5 2. g3 Nf6 3. Bg2 e6 4. Nf3 d6 5. Bg5 Be7 6. c3 Nbd7 7. a4 Ne4 8. Bxe7 Qxe7 9. a5 a6 10. Nbd2 Ndf6 11. e3 0-0 12. Qc2 Bd7 13. Nxe4 fxe4 14. Ng5 d5 15. f4 Ng4 16. Qd2 h6 17. Nh3 Bb5 18. Ng1 c5 19. Bh3 Rxf4 20. gxf4 Qh4+ 21. Kd1 cxd4 22. Bxg4 Qxg4+ 23. Ne2 d3 24. Qe1 dxe2+ 25. Kd2 d4 26. Rg1 dxe3+ 27. Kc2 Bd3+ 28. Kb3 Qf5 29. Ra4 Qxf4 30. Rd4 e5 31. Rd7 g5 32. h3 Rf8 33. Rd6 Qf7+ 34. c4 Qxc4+ 35. Ka3 Qc5+ 36. Qb4 Qxb4+ 37. Kxb4 Rf1 38. Rd8+ Kf7 39. Rd7+ Ke6 40. Rxb7 e1Q+ 41. Kb3 Rxg1 42. Rb6+ Kd5 43. Rxh6 Qxa5 44. h4 Rg2 45. hxg5 Bc4# 0-1

[Event "Athens Siaperas Memorial 6th"]
[Site "Athens"]
[Date "2010.02.20"]
[Round "5"]
[White "Tsiros, Fragkiskos Vlasios"]
[Black "Marianidis, Dimitrios"]
[Result "0-1"]
[WhiteElo "1616"]
[BlackElo "1837"]
[PlyCount "56"]
[EventDate "2010.02.06"]
[EventType "swiss"]
[EventRounds "7"]
[EventCountry "GRE"]
[SourceTitle "EXT 2024"]
[Source "ChessBase"]
[SourceDate "2023.10.10"]
[SourceVersion "1"]
[SourceVersionDate "2023.10.10"]
[SourceQuality "1"]

1. e4 c5 2. Nf3 Nc6 3. d4 cxd4 4. Nxd4 d6 5. c4 Nf6 6. Nc3 g6 7. f3 Bg7 8. Be3 0-0 9. Qd2 Bd7 10. Be2 Rc8 11. 0-0 a5 12. Rac1 Ne5 13. Ncb5 Ne8 14. b4 axb4 15. Qxb4 Nc6 16. Nxc6 bxc6 17. Na7 Rb8 18. Qd2 Rb7 19. Rb1 Qb8 20. Rxb7 Qxb7 21. Qc2 Nc7 22. Rb1 Qa6 23. Qd2 Ne6 24. Rd1 Qa3 25. Rb1 Nc5 26. Nb5 cxb5 27. cxb5 Rb8 28. b6 Be6 0-1

[Event "Athens Smaok op 4th"]
[Site "Athens"]
[Date "2010.02.02"]
[Round "4"]
[White "Marianidis, Dimitrios"]
[Black "Nikolaidis, Georgios"]
[Result "1-0"]
[WhiteElo "1837"]
[BlackElo "1889"]
[PlyCount "43"]
[EventDate "2010.01.12"]
[EventType "swiss"]
[EventRounds "7"]
[EventCountry "GRE"]
[SourceTitle "EXT 2011"]
[Source "ChessBase"]
[SourceDate "2010.11.26"]
[SourceVersion "1"]
[SourceVersionDate "2010.11.26"]
[SourceQuality "1"]

1. e4 e5 2. Nc3 Nf6 3. f4 d5 4. exd5 e4 5. Bb5+ Bd7 6. Qe2 a6 7. Nxe4 Nxe4 8. Qxe4+ Qe7 9. Qxe7+ Bxe7 10. Bxd7+ Nxd7 11. d3 Nf6 12. c4 0-0-0 13. Bd2 c6 14. Ba5 Rd7 15. dxc6 bxc6 16. 0-0-0 Ng4 17. Nh3 Bc5 18. Rhe1 Ne3 19. Rd2 Nf5 20. Re5 Be3 21. Rxf5 Bxd2+ 22. Kxd2 1-0

[Event "Ambelokipi op 089th"]
[Site "Athens"]
[Date "2008.09.10"]
[Round "2"]
[White "Delithanasis, Dimitrios"]
[Black "Marianidis, Dimitrios"]
[Result "1-0"]
[WhiteElo "2228"]
[BlackElo "1872"]
[PlyCount "85"]
[EventDate "2008.09.06"]
[EventType "swiss"]
[EventRounds "6"]
[EventCountry "GRE"]
[SourceTitle "EXT 2024"]
[Source "ChessBase"]
[SourceDate "2023.10.10"]
[SourceVersion "1"]
[SourceVersionDate "2023.10.10"]
[SourceQuality "1"]

1. Nf3 c5 2. c4 Nf6 3. Nc3 Nc6 4. g3 d5 5. cxd5 Nxd5 6. Bg2 Nc7 7. d3 e5 8. Nd2 Be6 9. Qa4 Qd7 10. Nc4 f6 11. f4 exf4 12. Bxf4 Rd8 13. Bxc6 bxc6 14. Qxa7 Nd5 15. Qxd7+ Rxd7 16. Bd2 Nb4 17. 0-0-0 Rxd3 18. exd3 Nxd3+ 19. Kb1 Bxc4 20. Bf4 Be7 21. Rd2 Kf7 22. Rhd1 Nxf4 23. gxf4 Be6 24. Ka1 Ra8 25. Re1 Bf5 26. Ne4 Be6 27. Nc3 Bf5 28. a3 c4 29. Rd4 Bd3 30. Rd7 Re8 31. Rc7 Kf8 32. a4 Bd6 33. Rxe8+ Kxe8 34. Rxg7 Bxf4 35. a5 Be3 36. a6 f5 37. a7 Bxa7 38. Rxa7 f4 39. Nd1 f3 40. Nf2 c5 41. Ka2 Bc2 42. Rc7 Kd8 43. Rf7 1-0

[Event "Ambelokipi op 88th"]
[Site "Athens"]
[Date "2008.06.07"]
[Round "4"]
[White "Marianidis, Dimitrios"]
[Black "Skalkotas, Nikolaos"]
[Result "0-1"]
[WhiteElo "1943"]
[BlackElo "2294"]
[PlyCount "48"]
[EventDate "2008.06.02"]
[EventType "swiss"]
[EventRounds "7"]
[EventCountry "GRE"]
[SourceTitle "EXT 2010"]
[Source "ChessBase"]
[SourceDate "2010.11.25"]
[SourceVersion "1"]
[SourceVersionDate "2010.11.25"]
[SourceQuality "1"]

1. e4 c5 2. Nc3 Nc6 3. d3 Rb8 4. Be3 d6 5. g3 g6 6. Bg2 Bg7 7. Qd2 b5 8. Nge2 Nd4 9. h3 Qa5 10. Nc1 Nf6 11. 0-0 Bxh3 12. Bh6 Bxg2 13. Kxg2 Bxh6 14. Qxh6 Nxc2 15. Nb3 Qb4 16. Nd5 Nxd5 17. exd5 Nxa1 18. Qg7 Rf8 19. Rxa1 a5 20. Rh1 a4 21. Rh4 axb3 22. Rxb4 bxa2 23. Rxb5 Rxb5 24. b4 f6 0-1

[Event "Ambelokipi op 87th"]
[Site "Athens"]
[Date "2008.05.24"]
[Round "5"]
[White "Marianidis, Dimitrios"]
[Black "Panagiotakos, Petros"]
[Result "1-0"]
[WhiteElo "1943"]
[BlackElo "1889"]
[PlyCount "61"]
[EventDate "2008.05.10"]
[EventType "swiss"]
[EventRounds "7"]
[EventCountry "GRE"]
[SourceTitle "EXT 2010"]
[Source "ChessBase"]
[SourceDate "2010.11.25"]
[SourceVersion "1"]
[SourceVersionDate "2010.11.25"]
[SourceQuality "1"]

1. e4 c5 2. Nc3 Nc6 3. g3 g6 4. Bg2 Bg7 5. d3 d6 6. Be3 e6 7. Qd2 Nge7 8. Bh6 0-0 9. Bxg7 Kxg7 10. h4 h6 11. f4 f6 12. g4 e5 13. f5 g5 14. hxg5 hxg5 15. Nf3 Rh8 16. 0-0-0 Rxh1 17. Rxh1 Ng8 18. Bf1 Nd4 19. Nxd4 cxd4 20. Nd5 Bd7 21. Qh2 Qa5 22. Qh7+ Kf8 23. Bg2 Bc6 24. Nc7 Re8 25. Ne6+ Rxe6 26. fxe6 Be8 27. Qxb7 a6 28. Qb8 Qc5 29. Rh8 Qc6 30. Qa7 Qc5 31. Qh7 1-0

[Event "Ambelokipi op 85th"]
[Site "Athens"]
[Date "2008.03.29"]
[Round "7"]
[White "Fanourgakis, Konstantinos"]
[Black "Marianidis, Dimitrios"]
[Result "1-0"]
[WhiteElo "1824"]
[BlackElo "1943"]
[PlyCount "75"]
[EventDate "2008.03.11"]
[EventType "swiss"]
[EventRounds "7"]
[EventCountry "GRE"]
[SourceTitle "EXT 2010"]
[Source "ChessBase"]
[SourceDate "2010.11.25"]
[SourceVersion "1"]
[SourceVersionDate "2010.11.25"]
[SourceQuality "1"]

1. c4 Nf6 2. d4 g6 3. Nc3 Bg7 4. g3 c6 5. Bg2 d6 6. Bf4 0-0 7. Qd2 Nbd7 8. Nf3 Re8 9. h3 a5 10. Rc1 e5 11. Be3 Nf8 12. d5 c5 13. Ng5 Bd7 14. Nge4 Nxe4 15. Nxe4 Qc7 16. Bg5 f5 17. Nf6+ Bxf6 18. Bxf6 Bc8 19. Qh6 Qf7 20. Bg5 Nd7 21. Qh4 Nb6 22. 0-0 Bd7 23. Rc2 Nc8 24. b3 Ne7 25. f4 e4 26. Bf6 Rab8 27. g4 b5 28. g5 bxc4 29. bxc4 Ba4 30. Rc3 Rb7 31. Rfc1 Reb8 32. Qe1 h5 33. Re3 Kh7 34. Qxa5 Be8 35. Rb3 Ng8 36. Rxb7 Qxb7 37. Ba1 Qb4 38. Qc7+ 1-0